000 00520nam a2200181Ia 4500
001 11192
005 20260306161928.0
008 260306t2011||||xx |||||||||||||| ||spa||
041 _aESP
082 _a985.013
_bD18A
100 _aDalen Luna, Pieter D. van,
_eAUT
245 0 _aArqueología prehispánica e historia temprana de la comunidad campesina de Huachinga, distrito de Ihuarí, Huaral
260 _c2011
300 _a70 páginas :
_c21 cm.
650 _aGEN
654 _aCHU
942 _cLIB
_dJUS
_fJUS
_2ddc
_n
999 _c11192
_d11192